[Event "Muensterland Verbandsklasse-A 1112"]
[Site "Germany"]
[Date "2012.04.21"]
[Round "8.8"]
[White "Naumann, Felix"]
[Black "Adam, Reimund"]
[Result "1-0"]
[WhiteElo "1565"]
[BlackElo "1624"]
[PlyCount "71"]
[EventDate "2011.09.17"]
[EventType "team-tourn"]
[EventRounds "9"]
[EventCountry "GER"]
[SourceTitle "EXT 2013"]
[Source "ChessBase"]
[SourceDate "2012.11.22"]
[SourceVersion "1"]
[SourceVersionDate "2012.11.22"]
[SourceQuality "1"]
[WhiteTeam "Bocholt II"]
[BlackTeam "Borken"]
[WhiteTeamCountry "GER"]
[BlackTeamCountry "GER"]

1. d4 d5 2. Bf4 Nf6 3. e3 Bf5 4. c4 e6 5. Nc3 c6 6. Qb3 b6 7. Nf3 Bd6 8. Bg3 0-0 9. Nh4 Bg6 10. Nxg6 fxg6 11. cxd5 exd5 12. Bd3 Qe7 13. 0-0-0 Kh8 14. Qc2 c5 15. Bxd6 Qxd6 16. dxc5 bxc5 17. h4 Nc6 18. Qe2 Nb4 19. Bb1 a6 20. a3 Nc6 21. Ne4 Nxe4 22. Bxe4 Ne7 23. g4 Rab8 24. g5 Qe5 25. Bb1 Rb6 26. h5 Rfb8 27. hxg6 h6 28. gxh6 gxh6 29. Rxh6+ Kg8 30. Rdh1 Rxb2 31. Bc2 Nf5 32. Rh8+ Kg7 33. R1h7+ Kf6 34. Rf7+ Ke6 35. Rxb8 Rxc2+ 36. Qxc2 1-0

[Event "Muensterland Verbandsklasse-A 1112"]
[Site "Germany"]
[Date "2011.11.12"]
[Round "3.7"]
[White "Adam, Reimund"]
[Black "Rothkegel, Juergen"]
[Result "0-1"]
[WhiteElo "1624"]
[BlackElo "1845"]
[PlyCount "108"]
[EventDate "2011.09.17"]
[EventType "team-tourn"]
[EventRounds "9"]
[EventCountry "GER"]
[SourceTitle "EXT 2013"]
[Source "ChessBase"]
[SourceDate "2012.11.22"]
[SourceVersion "1"]
[SourceVersionDate "2012.11.22"]
[SourceQuality "1"]
[WhiteTeam "Borken"]
[BlackTeam "Gronau"]
[WhiteTeamCountry "GER"]
[BlackTeamCountry "GER"]

1. d4 Nf6 2. c4 e6 3. Nc3 d5 4. Bg5 Be7 5. Nf3 Nbd7 6. e3 c6 7. c5 b6 8. b4 h6 9. Bh4 g5 10. Bg3 Nh5 11. Be5 f6 12. Qd3 Kf7 13. Bg3 Nxg3 14. hxg3 bxc5 15. dxc5 a5 16. Nd4 Ne5 17. Qc2 axb4 18. f4 Bxc5 19. fxe5 bxc3 20. Be2 f5 21. Bh5+ Kg7 22. g4 Bxd4 23. exd4 Qb6 24. gxf5 exf5 25. Qd3 Qb5 26. Qxc3 Qa5 27. Kd2 Qxc3+ 28. Kxc3 Ra4 29. Rhe1 Be6 30. a3 Rha8 31. Red1 Rc4+ 32. Kd3 Raa4 33. Rdb1 Rxd4+ 34. Ke2 Re4+ 35. Kf2 Rxe5 36. Rb7+ Kf6 37. Rh7 g4 38. Rxh6+ Kg5 39. Rh7 Rf4+ 40. Kg1 Re2 41. Be8 Rc4 42. a4 Rcc2 43. a5 Rxg2+ 44. Kh1 Ra2 45. Re1 Rge2 46. Rxe2 Rxe2 47. a6 Kf4 48. Rb7 Bc8 49. Rb4+ Kg3 50. Rb3+ Kf2 51. Bxc6 g3 52. Rb1 Bxa6 53. Bxd5 Re8 54. Bg8 Bb7+ 0-1

[Event "Muensterland Verbandsklasse-B 1011"]
[Site "Germany"]
[Date "2011.04.09"]
[Round "9.8"]
[White "Adam, Reimund"]
[Black "Rex, Dieter"]
[Result "1-0"]
[WhiteElo "1628"]
[BlackElo "1700"]
[PlyCount "85"]
[EventDate "2010.09.18"]
[EventType "team-tourn"]
[EventRounds "9"]
[EventCountry "GER"]
[SourceTitle "EXT 2012"]
[Source "ChessBase"]
[SourceDate "2011.11.24"]
[SourceVersion "1"]
[SourceVersionDate "2011.11.24"]
[SourceQuality "1"]
[WhiteTeam "Borken"]
[BlackTeam "Telgte"]
[WhiteTeamCountry "GER"]
[BlackTeamCountry "GER"]

1. d4 d5 2. c4 c6 3. Nf3 Nf6 4. Nc3 e6 5. Bg5 Nbd7 6. e3 Qb6 7. Qc2 Bb4 8. Bd3 Qa5 9. 0-0 0-0 10. h3 h6 11. Bf4 dxc4 12. Bxc4 Bxc3 13. bxc3 Nd5 14. Bd6 Re8 15. Rfc1 c5 16. Bb3 Qd8 17. dxc5 b6 18. c4 N5f6 19. Rd1 Bb7 20. Ne5 Qc8 21. cxb6 Be4 22. Qb2 Nxb6 23. c5 Nbd5 24. f3 Bh7 25. e4 Nc7 26. Ba4 Rd8 27. Be7 Rxd1+ 28. Rxd1 Qa6 29. Bc6 Re8 30. Bxe8 Nfxe8 31. Rd8 f6 32. Qb8 Qa4 33. Qxc7 fxe5 34. c6 Kf7 35. Qd7 Qd4+ 36. Qxd4 exd4 37. Bc5 e5 38. c7 Nxc7 39. Rd7+ Kf6 40. Rxc7 Bg8 41. a4 a5 42. Bb6 Bb3 43. Bxa5 1-0

[Event "Muensterland Verbandsklasse-B 1011"]
[Site "Germany"]
[Date "2010.12.11"]
[Round "4.8"]
[White "Tenhuendfeld, Bernd"]
[Black "Adam, Reimund"]
[Result "1-0"]
[WhiteElo "1770"]
[BlackElo "1628"]
[PlyCount "89"]
[EventDate "2010.09.18"]
[EventType "team-tourn"]
[EventRounds "9"]
[EventCountry "GER"]
[SourceTitle "EXT 2012"]
[Source "ChessBase"]
[SourceDate "2011.11.24"]
[SourceVersion "1"]
[SourceVersionDate "2011.11.24"]
[SourceQuality "1"]
[WhiteTeam "Ahaus Wessum"]
[BlackTeam "Borken"]
[WhiteTeamCountry "GER"]
[BlackTeamCountry "GER"]

1. d4 d5 2. c4 c6 3. Nc3 Nf6 4. Nf3 Nbd7 5. e3 e6 6. Bd3 dxc4 7. Bxc4 g6 8. 0-0 Bg7 9. e4 0-0 10. Bg5 Qc7 11. Rc1 a6 12. Qe2 Re8 13. Rfd1 b5 14. Bd3 Bb7 15. e5 Nd5 16. Ne4 Rf8 17. Qd2 f6 18. exf6 N7xf6 19. Nc5 Rae8 20. Re1 Bc8 21. h3 Nh5 22. Ne5 Nhf4 23. Bb1 Bxe5 24. Rxe5 Nh5 25. Rce1 Ng7 26. R1e2 Qd6 27. Be4 Nb6 28. b3 Nd7 29. Nxd7 Qxd7 30. Qc3 Bb7 31. Bh6 Rf7 32. Bxg7 Kxg7 33. d5 Kg8 34. dxc6 Qc7 35. Bd5 Bc8 36. Bxe6 Bxe6 37. Rxe6 Ref8 38. Qe3 Qd8 39. Rd2 Qc7 40. h4 a5 41. Qe5 Qb6 42. Qe3 Qc7 43. g3 Rf3 44. Qe5 Qa7 45. Re7 1-0

[Event "Muensterland Verbandsklasse-A 0910"]
[Site "Germany"]
[Date "2010.04.24"]
[Round "9.6"]
[White "Adam, Reimund"]
[Black "Jonas, Robert"]
[Result "0-1"]
[WhiteElo "1647"]
[BlackElo "1730"]
[PlyCount "159"]
[EventDate "2009.09.19"]
[EventType "team-tourn"]
[EventRounds "9"]
[EventCountry "GER"]
[SourceTitle "EXT 2011"]
[Source "ChessBase"]
[SourceDate "2010.11.26"]
[SourceVersion "1"]
[SourceVersionDate "2010.11.26"]
[SourceQuality "1"]
[WhiteTeam "Borken"]
[BlackTeam "Ibbenbueren"]
[WhiteTeamCountry "GER"]
[BlackTeamCountry "GER"]

1. d4 d5 2. c4 c6 3. Nc3 a6 4. a4 Nf6 5. Bg5 h6 6. Bh4 e6 7. e3 Bb4 8. Qc2 Nbd7 9. Nf3 Qa5 10. Bd3 dxc4 11. Bxc4 b5 12. Bb3 Bb7 13. 0-0 Qb6 14. h3 0-0 15. Rfc1 Rfc8 16. Bg3 c5 17. Qe2 c4 18. Bc2 Be7 19. e4 b4 20. a5 Qd8 21. Nd1 Bc6 22. Bb1 Bb5 23. Qe3 Nh5 24. Bh2 Nhf6 25. e5 Nd5 26. Qe4 Nf8 27. Ne3 c3 28. b3 Bc6 29. Qc2 Bg5 30. Re1 Nxe3 31. fxe3 Be7 32. Bf4 g5 33. Bh2 Ng6 34. Qf2 Kg7 35. Bc2 Qd7 36. Rf1 Rf8 37. Bg3 Bb5 38. Rfe1 Rac8 39. Nh2 h5 40. Nf3 Kh6 41. e4 Qa7 42. Qe3 Rcd8 43. h4 f6 44. exf6 Bxf6 45. e5 Be7 46. Nxg5 Qxd4 47. Qxd4 Rxd4 48. Nxe6 Rd2 49. Nxf8 Nxf8 50. Bf4+ Kg7 51. Bxd2 cxd2 52. Red1 Bc5+ 53. Kh2 Bd4 54. Ra2 Bxe5+ 55. g3 Ne6 56. Rxd2 Nd4 57. Rf2 Ne2 58. Rxe2 Bxe2 59. Be4 Bb5 60. Bd5 Bc7 61. Bc4 Bxc4 62. bxc4 Kf6 63. Kh3 Ke5 64. g4 hxg4+ 65. Kxg4 Kd4 66. h5 Be5 67. Re2 b3 68. c5 Kd5 69. h6 Bh8 70. Kf5 Kxc5 71. Kg6 b2 72. Re1 Kb4 73. Kh7 Bc3 74. Rb1 Kxa5 75. Kg8 Ka4 76. h7 Ka3 77. h8Q Bxh8 78. Kxh8 Ka2 79. Rh1 b1Q 80. Rxb1 0-1